书目信息 |
| 题名: |
区域环境经济与预警
|
|
| 作者: | 徐强 著 | |
| 分册: | ||
| 出版信息: | 北京 中国环境科学出版社 2001.11 |
|
| 页数: | 238页 | |
| 开本: | 20cm | |
| 丛书名: | ||
| 单 册: | ||
| 中图分类: | X196 | |
| 科图分类: | ||
| 主题词: | 环境经济学 | |
| 电子资源: | ||
| ISBN: | 7-80163-233-8 | |
| 000 | 00537nam0 2200193 45 | |
| 001 | 8036940098 | |
| 005 | 1980010610153959 | |
| 010 | @a7-80163-233-8@dRMB 22.00 | |
| 100 | @a19800106d2001 km y0chiy0120 ea | |
| 101 | 0 | @achi |
| 102 | @aCN@b110000 | |
| 200 | 1 | @a区域环境经济与预警@Aqu yu huan jing jing ji yu yu jing@f徐强著@Fxu qiang zhu |
| 210 | @a北京@c中国环境科学出版社@d2001.11 | |
| 215 | @a238页@d20cm | |
| 606 | 0 | @a环境经济学 |
| 690 | @aX196@v3 | |
| 701 | 0 | @a徐强@Axu qiang@4著 |
| 801 | 0 | @aCN@bPFT@c19800106 |
| 905 | @dX196@eX782 | |
| 区域环境经济与预警/徐强著.-北京:中国环境科学出版社,2001.11 |
| 238页;20cm |
| ISBN 7-80163-233-8:RMB 22.00 |
| ● |
| 相关链接 |
|
|
|
正题名:区域环境经济与预警
索取号:X196/X782
 
预约/预借
| 序号 | 登录号 | 条形码 | 馆藏地/架位号 | 状态 | 备注 |
| 1 | 358535 | 203585352 | 自科库501/501自科库 93排1列4层/ [索取号:X196/X782] | 在馆 |